| 000 | 00483nam a2200193Ia 4500 | ||
|---|---|---|---|
| 003 | GCL | ||
| 008 | 140319s9999 xx 000 0 eng d | ||
| 040 |
_aGCL / _cGCL |
||
| 082 | 0 | 4 |
_a005.14 _bK T |
| 100 | 1 | _aKANER, CEM | |
| 245 | 1 | 0 |
_aTESTING COMPUTER SONFTWAR / _cKANER, CEM |
| 700 | 1 | _aFALK, JACK | |
| 700 | 1 | _aNGUYEN,HUNGQUOC | |
| 260 |
_a[S.N] : _bVAN NOSTRAND REINHOLD ، _c1993 |
||
| 300 | _a480 | ||
| 650 | 0 | 4 | _aCOMPUTER SOFTWARE |
| 650 | 0 | 4 | _aTESTING |
| 942 |
_2ddc _cBK |
||
| 999 |
_c16392 _d16392 |
||